[Event "OLOA 1920 SV Rochade Magdeburg 96 - SG"]
[Site "?"]
[Date "2019.09.29"]
[Round "1.6"]
[White "Stolz, Mike"]
[Black "Roehr, Oliver"]
[Result "1/2-1/2"]
[WhiteElo "2313"]
[BlackElo "1987"]
[PlyCount "117"]
[EventDate "2019.??.??"]

1. e4 e5 2. Nf3 Nc6 3. Bb5 Nge7 4. O-O g6 5. c3 Bg7 6. d4 exd4 7. cxd4 d5 8.
exd5 Nxd5 9. Re1+ Be6 10. Bg5 Qd6 11. Qa4 O-O 12. Bxc6 Nb6 13. Qc2 bxc6 14. Nc3
Bf5 15. Qe2 Qd7 16. Qa6 Bg4 17. Ne5 Qxd4 18. Re4 Qc5 19. Be3 Qxe5 20. Rxe5 Bxe5
21. h3 Be6 22. Rd1 Nd5 23. Bd4 Bxd4 24. Rxd4 Nxc3 25. bxc3 c5 26. Rd2 c4 27.
Qc6 Rfc8 28. Rb2 a6 29. g4 Rd8 30. Rd2 Rxd2 31. Qxa8+ Kg7 32. Qxa6 Rd1+ 33. Kh2
Rd2 34. Qa7 c5 35. Qxc5 Rxa2 36. Qe5+ Kg8 37. Qd4 Rb2 38. Kg3 Rb5 39. f4 h6 40.
Kf3 h5 41. Qf6 Rd5 42. Ke4 Rb5 43. Qd8+ Kh7 44. Kd4 hxg4 45. hxg4 Kg7 46. Qa8
f5 47. Qe8 Rd5+ 48. Kxc4 Bf7 49. Qxf7+ Kxf7 50. Kxd5 fxg4 51. Ke4 g5 52. fxg5
Kg6 53. c4 g3 54. Ke3 Kxg5 55. c5 Kf5 56. c6 Ke6 57. c7 Kd7 58. Kf3 Kxc7 59.
Kxg3 1/2-1/2

[Event "OLOA 1920 SV Rochade Magdeburg 96 - SG"]
[Site "?"]
[Date "2019.09.29"]
[Round "1.7"]
[White "Heyne, Jan-Hendrik"]
[Black "Kahe, Ralph"]
[Result "0-1"]
[WhiteElo "1843"]
[BlackElo "2166"]
[PlyCount "68"]
[EventDate "2019.??.??"]

1. d4 g6 2. Nf3 Bg7 3. c4 c5 4. Nc3 Nc6 5. e3 d6 6. Be2 Nf6 7. O-O O-O 8. a3
Bf5 9. Qb3 Na5 10. Qa4 Bd7 11. Qc2 cxd4 12. exd4 Rc8 13. Nd2 Nc6 14. Nf3 Bf5
15. Qa4 Ne4 16. Nxe4 Bxe4 17. d5 Bxf3 18. Bxf3 Nd4 19. Qxa7 Qc7 20. Qa4 Nxf3+
21. gxf3 Qxc4 22. Qxc4 Rxc4 23. Bg5 Bxb2 24. Rab1 Bxa3 25. Bxe7 Rb8 26. Rb3 Bc5
27. Bf6 b5 28. Ra1 b4 29. Ra2 Re8 30. Kg2 Rf4 31. Ba1 f6 32. Kg3 Rf5 33. f4 Re1
34. Ra8+ Kf7 0-1

[Event "OLOA 1920 SV Rochade Magdeburg 96 - SG"]
[Site "?"]
[Date "2019.09.29"]
[Round "1.8"]
[White "Kuna, Ralf-Michael"]
[Black "Willberg, Frank"]
[Result "1-0"]
[WhiteElo "2105"]
[BlackElo "1889"]
[PlyCount "67"]
[EventDate "2019.??.??"]

1. e4 d5 2. exd5 Qxd5 3. Nf3 Bg4 4. Be2 Nf6 5. O-O c6 6. d4 e6 7. h3 Bxf3 8.
Bxf3 Qd8 9. c4 Be7 10. Nc3 O-O 11. d5 exd5 12. cxd5 Qc7 13. Qb3 Nxd5 14. Nxd5
cxd5 15. Bxd5 Nc6 16. Be3 Na5 17. Qa4 Rad8 18. Rac1 Qd7 19. Bxf7+ Rxf7 20. Qxa5
b6 21. Qa6 Bf6 22. b3 Qd3 23. Qxd3 Rxd3 24. Rc8+ Bd8 25. Rfc1 Rf8 26. Ra8 Rd7
27. Kf1 Be7 28. Rcc8 Kf7 29. Ke2 Rxc8 30. Rxc8 Ke6 31. Bf4 Bd6 32. Rc6 Kd5 33.
Rxd6+ Rxd6 34. Bxd6 1-0

[Event "OLOA 1920 SK König Plauen I - SK Köni"]
[Site "?"]
[Date "2019.09.22"]
[Round "1.1"]
[White "Burian, Simon"]
[Black "Sandner, Gunter"]
[Result "1-0"]
[WhiteElo "2111"]
[BlackElo "2286"]
[PlyCount "79"]
[EventDate "2019.??.??"]

1. e4 g6 2. d4 Bg7 3. Nc3 d6 4. g3 Nf6 5. Bg2 O-O 6. Nge2 Nbd7 7. O-O c5 8. h3
Rb8 9. a4 b6 10. Be3 Bb7 11. d5 a6 12. f4 Re8 13. g4 e6 14. dxe6 Rxe6 15. f5
Re8 16. fxg6 hxg6 17. Bg5 Qc7 18. Bf4 Ne5 19. g5 Nh5 20. Bh2 Qe7 21. Qc1 Rbd8
22. Rb1 Kh7 23. Nf4 Qxg5 24. Nfd5 Qxc1 25. Rbxc1 Bxd5 26. Nxd5 Kg8 27. Nxb6 Nf6
28. b3 Nc6 29. Rfe1 Nd4 30. Nc4 d5 31. Nd6 Re6 32. e5 Rdxd6 33. exd6 Ne2+ 34.
Rxe2 Rxe2 35. Bf1 Re8 36. Bxa6 Bf8 37. Rf1 Kg7 38. Bb5 Re6 39. d7 Be7 40. Bc7
1-0

[Event "OLOA 1920 SK König Plauen I - SK Köni"]
[Site "?"]
[Date "2019.09.22"]
[Round "1.2"]
[White "Kuraszkiewicz, Michael"]
[Black "Paul, Mathias"]
[Result "1-0"]
[WhiteElo "2281"]
[BlackElo "2192"]
[PlyCount "77"]
[EventDate "2019.??.??"]

1. d4 Nf6 2. c4 g6 3. Nc3 d5 4. cxd5 Nxd5 5. Bd2 Nb6 6. Nf3 Bg7 7. Bg5 O-O 8.
e3 Be6 9. Rc1 a5 10. Be2 Na6 11. O-O c6 12. a3 Nc4 13. Qc2 b5 14. Rfd1 a4 15.
Nxa4 Na5 16. Nc5 Nxc5 17. dxc5 Qc7 18. Bf4 Qa7 19. Nd4 Bxd4 20. exd4 Bb3 21.
Qe4 Bxd1 22. Rxd1 Rad8 23. h4 Qd7 24. h5 Qf5 25. Qxf5 gxf5 26. Rd3 f6 27. Bc7
Ra8 28. d5 Rfc8 29. d6 Kf7 30. Rg3 Nc4 31. a4 Nxb2 32. axb5 Ra1+ 33. Kh2 cxb5
34. Bxb5 Nd1 35. Bc4+ e6 36. h6 Nxf2 37. Rg7+ Kf8 38. d7 Rca8 39. Bd6# 1-0

[Event "OLOA 1920 SK König Plauen I - SK Köni"]
[Site "?"]
[Date "2019.09.22"]
[Round "1.3"]
[White "Beyer, Christof"]
[Black "Kunze, Carlo"]
[Result "1/2-1/2"]
[WhiteElo "2020"]
[BlackElo "2266"]
[PlyCount "54"]
[EventDate "2019.??.??"]

1. e4 d6 2. d4 Nf6 3. Nc3 e5 4. Nf3 Nbd7 5. Bc4 Be7 6. O-O O-O 7. a4 c6 8. Re1
b6 9. Ba2 a6 10. h3 Bb7 11. Be3 b5 12. axb5 axb5 13. b4 Qc7 14. Qd3 exd4 15.
Nxd4 Ne5 16. Qe2 Rfe8 17. f4 Ng6 18. Qd3 Bf8 19. Nf3 Nh5 20. Ne2 c5 21. Bd5
Bxd5 22. exd5 Rxa1 23. Rxa1 Nf6 24. Nc3 cxb4 25. Nxb5 Qb7 26. c4 bxc3 27. Nxc3
Ra8 1/2-1/2

[Event "OLOA 1920 SK König Plauen I - SK Köni"]
[Site "?"]
[Date "2019.09.22"]
[Round "1.4"]
[White "Schaller, Sven"]
[Black "Pfeufer, Lion"]
[Result "1/2-1/2"]
[WhiteElo "2257"]
[BlackElo "2045"]
[PlyCount "115"]
[EventDate "2019.??.??"]

1. c4 Nf6 2. Nc3 g6 3. g3 d5 4. cxd5 Nxd5 5. Qa4+ c6 6. Qd4 Nf6 7. Qxd8+ Kxd8
8. Nf3 Nbd7 9. d4 e6 10. Bg2 Bb4 11. O-O Ke7 12. Bg5 h6 13. Bd2 g5 14. h4 g4
15. Ne1 e5 16. Nc2 Bd6 17. Rad1 Nb6 18. Bc1 exd4 19. Nxd4 Nc4 20. b3 Ne5 21.
Rd2 Bb4 22. Bb2 Be6 23. a3 Bd6 24. Rfd1 Rad8 25. a4 Bb4 26. Nxe6 Rxd2 27. Rxd2
Kxe6 28. Rd1 Rg8 29. Kf1 Nfd7 30. Na2 Be7 31. b4 Nb6 32. a5 Nbc4 33. Bc3 b6 34.
Be4 Rd8 35. Ke1 Rxd1+ 36. Kxd1 c5 37. axb6 axb6 38. Bc2 cxb4 39. Nxb4 Bc5 40.
Ke1 Kd6 41. Bf5 h5 42. Be4 Na3 43. Nd3 Nxd3+ 44. Bxd3 b5 45. f3 gxf3 46. exf3
b4 47. Bb2 Kd5 48. g4 hxg4 49. fxg4 Nc4 50. Bxc4+ Kxc4 51. h5 Be3 52. Ke2 Bg5
53. Bg7 b3 54. Bb2 Bh6 55. Bf6 Bg5 56. Bb2 Bh6 57. Bf6 Bg5 58. Bb2 1/2-1/2

[Event "OLOA 1920 SK König Plauen I - SK Köni"]
[Site "?"]
[Date "2019.09.22"]
[Round "1.5"]
[White "Hoerr, Christian"]
[Black "Pfretzschner, Roland"]
[Result "0-1"]
[WhiteElo "1901"]
[BlackElo "2236"]
[PlyCount "46"]
[EventDate "2019.??.??"]

1. e4 c5 2. Nf3 e6 3. d4 cxd4 4. Nxd4 a6 5. c4 Nf6 6. Bd3 Nc6 7. Nxc6 bxc6 8.
Be3 Bb4+ 9. Nd2 d6 10. O-O O-O 11. a3 Ba5 12. b4 Bc7 13. f4 e5 14. f5 d5 15. c5
a5 16. Qf3 Rb8 17. Rfb1 Qd7 18. g4 Rd8 19. g5 dxe4 20. Nxe4 Nd5 21. Rb3 a4 22.
Rb2 Nxe3 23. Rd2 Qd4 0-1

[Event "OLOA 1920 SK König Plauen I - SK Köni"]
[Site "?"]
[Date "2019.09.22"]
[Round "1.6"]
[White "Hoerr, Matthias"]
[Black "Merkel, Toni"]
[Result "0-1"]
[WhiteElo "2167"]
[BlackElo "1891"]
[PlyCount "148"]
[EventDate "2019.??.??"]

1. e4 c5 2. Nf3 d6 3. d4 cxd4 4. Nxd4 Nf6 5. Nc3 g6 6. Be3 Bg7 7. f3 O-O 8. Qd2
Nc6 9. O-O-O Bd7 10. Bc4 Rb8 11. Kb1 Ne5 12. Bb3 b5 13. g4 Nc4 14. Bxc4 bxc4
15. Ka1 Qa5 16. h4 Rb4 17. g5 Nh5 18. Nd5 Rfb8 19. Nxb4 Qxb4 20. Qxb4 Rxb4 21.
c3 Rb7 22. Ne2 f5 23. exf5 gxf5 24. Nf4 Nxf4 25. Bxf4 e5 26. Bh2 Bf8 27. f4 e4
28. Bg1 Be6 29. Kb1 a5 30. Be3 a4 31. Kc2 Rb5 32. Rb1 Be7 33. Rhf1 Bf7 34. Bd4
Bh5 35. Kd2 Kf7 36. Ke3 Ke6 37. Rf2 Bd8 38. b3 Kd7 39. Rfb2 a3 40. Rh2 Bf7 41.
h5 Bg8 42. Rhh1 cxb3 43. Rxb3 Rxb3 44. axb3 Bxb3 45. g6 h6 46. Rc1 Bc4 47. Rb1
Kc6 48. Kd2 a2 49. Ra1 Bb6 50. Bg7 e3+ 51. Kc2 Kd5 52. Re1 e2 53. Bd4 Bxd4 54.
cxd4 Kxd4 55. g7 Ke3 56. Kc3 Bg8 57. Kc2 d5 58. Rh1 d4 59. Rh3+ Kf2 60. Rh2+
Kf3 61. Rh1 Ke3 62. Rh3+ Kxf4 63. Rh1 Ke3 64. Rh3+ Ke4 65. Rh1 f4 66. Kd2 f3
67. Rh4+ Kf5 68. Rh1 Kf4 69. Rc1 Kg3 70. Kd3 Kf2 71. Kd2 Bc4 72. Ra1 Kg2 73.
Re1 f2 74. Rxe2 a1=Q 0-1

[Event "OLOA 1920 SK König Plauen I - SK Köni"]
[Site "?"]
[Date "2019.09.22"]
[Round "1.7"]
[White "Franz, Tobias"]
[Black "Linnert, Niklas"]
[Result "0-1"]
[WhiteElo "1872"]
[BlackElo "2054"]
[PlyCount "62"]
[EventDate "2019.??.??"]

1. e4 c5 2. Nf3 e6 3. d4 cxd4 4. Nxd4 Nc6 5. Nc3 Qc7 6. f4 Bc5 7. Nxc6 bxc6 8.
Bd3 e5 9. f5 Ne7 10. Qf3 Bb7 11. Bd2 d5 12. f6 gxf6 13. Qxf6 O-O-O 14. O-O-O
Ng6 15. g3 Kb8 16. Rhe1 d4 17. Ne2 Rhf8 18. Kb1 Be7 19. Qf2 h5 20. Ng1 c5 21.
Bc4 f5 22. exf5 e4 23. Bh6 Ne5 24. Bxf8 Bxf8 25. Qe2 Qa5 26. Rf1 Nxc4 27. Qxc4
Bd5 28. Qe2 Qxa2+ 29. Kc1 Bh6+ 30. Rf4 Bxf4+ 31. gxf4 e3 0-1

[Event "OLOA 1920 SK König Plauen I - SK Köni"]
[Site "?"]
[Date "2019.09.22"]
[Round "1.8"]
[White "Pivtorak, Ilya"]
[Black "Graf, Lucas"]
[Result "0-1"]
[WhiteElo "1503"]
[BlackElo "1790"]
[PlyCount "80"]
[EventDate "2019.??.??"]

1. d4 Nf6 2. c4 g6 3. Nc3 d5 4. cxd5 Nxd5 5. e4 Nxc3 6. bxc3 Bg7 7. Be3 O-O 8.
f4 c5 9. Qd2 Qa5 10. Rc1 Rd8 11. d5 e5 12. fxe5 Nd7 13. e6 fxe6 14. Bg5 Nf6 15.
Qe3 exd5 16. Bxf6 Bxf6 17. exd5 Bf5 18. Qd2 Re8+ 19. Be2 c4 20. Kf1 b5 21. Bf3
Rad8 22. Ne2 Bd3 23. g3 Kg7 24. Kg1 Qb6+ 25. Kg2 Rxd5 26. Rhe1 Rdd8 27. Qf4 a5
28. Nd4 Bxd4 29. Rxe8 Rxe8 30. cxd4 b4 31. Bd5 Qf6 32. Bxc4 Qxf4 33. gxf4 Rc8
34. Bxd3 Rxc1 35. d5 a4 36. Kf3 b3 37. axb3 axb3 38. d6 Kf8 39. f5 gxf5 40.
Bxf5 Rf1+ 0-1

[Event "OLOA 1920 SG G-W Dresden - FVS ASP Hoye"]
[Site "?"]
[Date "2019.09.29"]
[Round "1.1"]
[White "Bures, Jaroslav"]
[Black "Zwahr, Paul"]
[Result "1/2-1/2"]
[WhiteElo "2388"]
[BlackElo "2282"]
[PlyCount "25"]
[EventDate "2019.??.??"]

1. d4 Nf6 2. Bf4 c5 3. dxc5 Na6 4. Nc3 Nxc5 5. e3 g6 6. Bc4 d6 7. h3 Bg7 8.
Nge2 O-O 9. O-O a6 10. a4 Be6 11. Bxe6 Nxe6 12. Bh2 Rc8 13. Nd4 1/2-1/2

[Event "OLOA 1920 SG G-W Dresden - FVS ASP Hoye"]
[Site "?"]
[Date "2019.09.29"]
[Round "1.2"]
[White "Siedentopf, Daniel"]
[Black "Orsag, Milan"]
[Result "1/2-1/2"]
[WhiteElo "2281"]
[BlackElo "2317"]
[PlyCount "59"]
[EventDate "2019.??.??"]

1. d4 d5 2. c4 e6 3. Nc3 c5 4. cxd5 exd5 5. Nf3 Nc6 6. dxc5 d4 7. Na4 Bxc5 8.
Nxc5 Qa5+ 9. Bd2 Qxc5 10. Rc1 Qb6 11. e3 Nge7 12. Bc4 O-O 13. O-O Bg4 14. exd4
Nxd4 15. Be3 Bxf3 16. Bxd4 Bxd1 17. Bxb6 axb6 18. Rfxd1 Rfd8 19. g3 Kf8 20. Bb5
Nc6 21. Rxd8+ Rxd8 22. Bxc6 Rc8 23. Rd1 bxc6 24. Rd7 c5 25. Rb7 Rc6 26. Kg2 h5
27. f4 c4 28. Kh3 g6 29. f5 g5 30. Kg2 1/2-1/2

[Event "OLOA 1920 SG G-W Dresden - FVS ASP Hoye"]
[Site "?"]
[Date "2019.09.29"]
[Round "1.3"]
[White "Hovsepyan, Vardan"]
[Black "Genkin, Michael"]
[Result "1-0"]
[WhiteElo "2219"]
[BlackElo "2282"]
[PlyCount "277"]
[EventDate "2019.??.??"]

1. e4 c6 2. d4 d5 3. exd5 cxd5 4. c3 Nc6 5. Bd3 Nf6 6. h3 e5 7. dxe5 Nxe5 8.
Qe2 Qe7 9. Bb5+ Nc6 10. Be3 Be6 11. Nf3 a6 12. Bd3 Qd7 13. Nbd2 Bd6 14. Nb3 O-O
15. Qc2 Rfe8 16. Nbd4 Ne4 17. Nxc6 bxc6 18. Nd4 g6 19. Bxe4 dxe4 20. Nxe6 Qxe6
21. Qa4 Bf8 22. O-O-O c5 23. Rd7 Red8 24. Rhd1 Rxd7 25. Rxd7 Rb8 26. Bf4 Rb5
27. Rd2 Rb7 28. Re2 f5 29. Rd2 Kf7 30. Rd8 Rb5 31. Ra8 Rb6 32. Ra7+ Kg8 33. Qd7
Qxd7 34. Rxd7 Rc6 35. Kc2 c4 36. b4 cxb3+ 37. axb3 Bc5 38. Be3 Bxe3 39. fxe3
Kf8 40. c4 Ke8 41. Rxh7 Rd6 42. c5 Rd3 43. c6 Kd8 44. Rd7+ Rxd7 45. cxd7 Kxd7
46. Kc3 Kc6 47. Kc4 a5 48. g3 Kb6 49. g4 fxg4 50. hxg4 g5 51. Kd4 Kb5 52. Kxe4
Kb4 53. Kf5 Kxb3 54. e4 a4 55. e5 a3 56. e6 a2 57. e7 a1=Q 58. e8=Q Qc1 59.
Qg8+ Ka3 60. Qxg5 Qc5+ 61. Kg6 Qc6+ 62. Qf6 Qe4+ 63. Qf5 Qe8+ 64. Kg7 Qe7+ 65.
Kg8 Ka4 66. Qf4+ Ka5 67. Qd2+ Ka4 68. Qa2+ Kb4 69. Qd5 Qe8+ 70. Kg7 Qe7+ 71.
Kg6 Qe8+ 72. Qf7 Qe4+ 73. Qf5 Qe8+ 74. Kg7 Qe7+ 75. Kg8 Ka4 76. g5 Qe8+ 77. Kg7
Qe7+ 78. Kh6 Qe3 79. Qd7+ Ka5 80. Qd5+ Ka4 81. Qc6+ Ka5 82. Qf6 Ka4 83. Kg7
Qa7+ 84. Kh8 Qb8+ 85. Kh7 Qc7+ 86. Kg8 Qc8+ 87. Kf7 Qc4+ 88. Qe6 Qf4+ 89. Kg6
Qd4 90. Qc6+ Ka5 91. Qa8+ Kb5 92. Qb7+ Ka5 93. Qc7+ Ka4 94. Qc6+ Ka5 95. Kf7
Qf4+ 96. Qf6 Qc4+ 97. Kg7 Qc7+ 98. Kh8 Qc8+ 99. Kh7 Qd7+ 100. Kg8 Qe8+ 101. Kg7
Qd7+ 102. Kf8 Qc8+ 103. Ke7 Qc5+ 104. Kd7 Qd5+ 105. Ke8 Qg8+ 106. Ke7 Qh7+ 107.
Kd6 Qd3+ 108. Kc5 Qc2+ 109. Kd5 Qd2+ 110. Ke6 Qa2+ 111. Ke7 Qa3+ 112. Qd6 Qe3+
113. Kf6 Qf3+ 114. Kg7 Qb7+ 115. Kf8 Qc8+ 116. Ke7 Qb7+ 117. Kd8 Qa8+ 118. Kd7
Qg8 119. g6 Qg7+ 120. Kc6 Ka4 121. Qd1+ Ka3 122. Qf3+ Ka4 123. Qf4+ Ka3 124.
Qf7 Qc3+ 125. Kd7 Qd3+ 126. Ke7 Qe4+ 127. Kf8 Qa8+ 128. Qe8 Qf3+ 129. Kg8 Qd5+
130. Qf7 Qd4 131. g7 Ka4 132. Qe8+ Ka5 133. Qa8+ Kb4 134. Qb7+ Ka4 135. Qc6+
Ka5 136. Kf7 Qf4+ 137. Qf6 Qc4+ 138. Kg6 Qg8 139. Qf7 1-0

[Event "OLOA 1920 SG G-W Dresden - FVS ASP Hoye"]
[Site "?"]
[Date "2019.09.29"]
[Round "1.4"]
[White "Zimmermann, Rene"]
[Black "Jahnel, Guenther"]
[Result "1/2-1/2"]
[WhiteElo "2217"]
[BlackElo "2177"]
[PlyCount "60"]
[EventDate "2019.??.??"]

1. Nf3 Nf6 2. c4 c5 3. Nc3 g6 4. d4 Bg7 5. e4 O-O 6. Be2 d6 7. h3 Nbd7 8. O-O
a6 9. Be3 b6 10. d5 Ne8 11. Qd2 Rb8 12. a4 Ne5 13. Ne1 f5 14. exf5 gxf5 15. Bh6
Ng6 16. Bxg7 Nxg7 17. f4 Qe8 18. Nf3 Qf7 19. Rae1 Bd7 20. Bd3 Qf6 21. Rf2 Kh8
22. Kh2 Rbe8 23. Bf1 Nh5 24. g3 Rg8 25. Rg2 h6 26. b3 Ref8 27. Ne2 Rb8 28. Nc3
Rbf8 29. Ne2 Rb8 30. Nc3 Rbf8 1/2-1/2

[Event "OLOA 1920 SG G-W Dresden - FVS ASP Hoye"]
[Site "?"]
[Date "2019.09.29"]
[Round "1.5"]
[White "Kesik, Klaus-Dieter"]
[Black "Nake, Matthias"]
[Result "1/2-1/2"]
[WhiteElo "2225"]
[BlackElo "2178"]
[PlyCount "71"]
[EventDate "2019.??.??"]

1. d4 Nf6 2. Bf4 e6 3. Nf3 b6 4. e3 Bb7 5. h3 Be7 6. Nbd2 O-O 7. Bd3 d5 8. c3
c5 9. Qe2 Nbd7 10. O-O Ne4 11. Rad1 f5 12. Ne5 Nxe5 13. Bxe5 Nxd2 14. Rxd2 Bf6
15. f4 Qe7 16. Kh2 a5 17. g4 g6 18. gxf5 gxf5 19. Qh5 Bxe5 20. fxe5 Kh8 21. Rg2
Rg8 22. Rfg1 Rxg2+ 23. Rxg2 Bc6 24. Qg5 Qxg5 25. Rxg5 c4 26. Be2 Rg8 27. Rxg8+
Kxg8 28. Kg3 Kg7 29. Kh4 Be8 30. Kg5 b5 31. Bd1 a4 32. h4 h6+ 33. Kf4 Kf8 34.
a3 Kg7 35. Bf3 Kg6 36. Be2 1/2-1/2

[Event "OLOA 1920 SG G-W Dresden - FVS ASP Hoye"]
[Site "?"]
[Date "2019.09.29"]
[Round "1.6"]
[White "Hutsch, Oliver"]
[Black "Boehm, Robert"]
[Result "1-0"]
[WhiteElo "2145"]
[BlackElo "2158"]
[PlyCount "95"]
[EventDate "2019.??.??"]

1. d4 d5 2. c4 c6 3. e3 Nf6 4. Nc3 e6 5. Bd3 Nbd7 6. Nf3 dxc4 7. Bxc4 b5 8. Bd3
Bb7 9. O-O a6 10. e4 c5 11. d5 c4 12. dxe6 fxe6 13. Bc2 Qc7 14. Qe2 e5 15. Rd1
Bc5 16. Ng5 Nf8 17. Nd5 Qc6 18. Be3 Bxe3 19. Qxe3 h6 20. Nf3 N8d7 21. Qa3 Nxd5
22. exd5 Qf6 23. Rd2 Kf7 24. Re1 Rhe8 25. h4 Kg8 26. h5 Nf8 27. Be4 Kh8 28. Qc3
Rad8 29. g3 Rd6 30. Nh4 Bc8 31. Bg6 Nxg6 32. Nxg6+ Kg8 33. f4 e4 34. Ne5 Bb7
35. Red1 Qf5 36. Qe3 Qxh5 37. Qxe4 Red8 38. g4 Qe8 39. g5 Qh5 40. Kg2 hxg5 41.
Rh1 Qxh1+ 42. Kxh1 Bxd5 43. Rxd5 Rxd5 44. fxg5 Rd2 45. Qg6 Rxb2 46. Qe6+ Kh7
47. g6+ Kh6 48. Nf7+ 1-0

[Event "OLOA 1920 SG G-W Dresden - FVS ASP Hoye"]
[Site "?"]
[Date "2019.09.29"]
[Round "1.7"]
[White "Grohmann, Alexander"]
[Black "Dahl, Christoph"]
[Result "0-1"]
[WhiteElo "1981"]
[BlackElo "2178"]
[PlyCount "80"]
[EventDate "2019.??.??"]

1. e4 e5 2. Nf3 Nc6 3. Bc4 Nf6 4. d3 Be7 5. c3 O-O 6. Nbd2 d6 7. Bb3 h6 8. Nf1
Nh7 9. Ng3 Ng5 10. Nxg5 Bxg5 11. Qh5 Bxc1 12. Rxc1 Be6 13. O-O Bxb3 14. axb3
Qf6 15. Qf5 Qxf5 16. Nxf5 Kh7 17. Ne3 Ne7 18. f4 exf4 19. Rxf4 a5 20. Rcf1 f6
21. Nc4 Ng6 22. Rf5 Ne5 23. Rd1 a4 24. Nxe5 dxe5 25. bxa4 Rxa4 26. d4 Rd8 27.
Rf2 exd4 28. Rfd2 c5 29. b3 Ra3 30. cxd4 cxd4 31. Rd3 Re8 32. Re1 Rc8 33. Kf2
Rc3 34. Rxd4 Raxb3 35. Re2 b5 36. h3 b4 37. Ra2 Rb1 38. Ra4 b3 39. Rab4 Rb2+
40. Kg1 Rcc2 0-1

[Event "OLOA 1920 SG G-W Dresden - FVS ASP Hoye"]
[Site "?"]
[Date "2019.09.29"]
[Round "1.8"]
[White "Kunze, Christopher"]
[Black "Hassemeier, Mika"]
[Result "1-0"]
[WhiteElo "2123"]
[BlackElo "1982"]
[PlyCount "65"]
[EventDate "2019.??.??"]

1. e4 c5 2. Nc3 e6 3. g3 Nc6 4. Bg2 g6 5. d3 Bg7 6. f4 Nge7 7. Nf3 d5 8. e5 Nf5
9. O-O h5 10. Qe1 h4 11. g4 h3 12. Bh1 Nfd4 13. Qf2 b5 14. a4 b4 15. Nb5 Bf8
16. Nbxd4 Nxd4 17. Nxd4 cxd4 18. Qxd4 Qc7 19. Qf2 Bb7 20. Be3 d4 21. Bxd4 Bxh1
22. Kxh1 Rd8 23. c3 Rh4 24. Qf3 bxc3 25. bxc3 Bc5 26. Bxc5 Qxc5 27. d4 Qc4 28.
f5 exf5 29. gxf5 g5 30. e6 Rf4 31. Qxh3 Qd5+ 32. Qg2 Qxf5 33. Rxf4 1-0

[Event "OLOA 1920 SG 1871 Löberitz - Nickelhü"]
[Site "?"]
[Date "2019.11.16"]
[Round "2.1"]
[White "Pulpan, Jakub"]
[Black "Stein, Robert"]
[Result "0-1"]
[WhiteElo "2423"]
[BlackElo "2325"]
[PlyCount "78"]
[EventDate "2019.??.??"]

1. e4 e5 2. Nf3 Nc6 3. Bb5 a6 4. Ba4 Nf6 5. O-O Be7 6. d3 b5 7. Bb3 d6 8. a3
O-O 9. Nc3 Na5 10. Ba2 Be6 11. b4 Bxa2 12. Rxa2 Nc6 13. Bg5 Nd7 14. Bd2 Nf6 15.
Ne2 a5 16. Ra1 axb4 17. axb4 d5 18. Ng3 dxe4 19. dxe4 Bxb4 20. Rxa8 Qxa8 21.
Bg5 Be7 22. Nf5 Bd8 23. Qe2 Qa4 24. Re1 Nd7 25. Bxd8 Rxd8 26. Qd2 Nc5 27. Ne7+
Kf8 28. Qe3 Nxe7 29. Qxc5 f6 30. Qxc7 Rc8 31. Qb7 Rxc2 32. h4 Qc4 33. Re3 Qa2
34. Qb8+ Kf7 35. Nxe5+ fxe5 36. Rf3+ Ke6 37. Qd8 Qc4 38. Kh2 Qxe4 39. Kh3 Rc1
0-1

[Event "OLOA 1920 SG 1871 Löberitz - Nickelhü"]
[Site "?"]
[Date "2019.11.16"]
[Round "2.2"]
[White "Pallas, Sebastian"]
[Black "Cerveny, Martin"]
[Result "1/2-1/2"]
[WhiteElo "2272"]
[BlackElo "2357"]
[PlyCount "120"]
[EventDate "2019.??.??"]

1. e4 c5 2. Nf3 d6 3. d4 cxd4 4. Nxd4 Nf6 5. Nc3 a6 6. Bg5 e6 7. f4 Qc7 8. Bxf6
gxf6 9. Qd2 Nc6 10. Bc4 Bd7 11. Nxc6 Qxc6 12. Bb3 O-O-O 13. O-O-O Kb8 14. Kb1
h5 15. Rhf1 Be7 16. f5 Bc8 17. Qd3 Rdg8 18. g3 h4 19. Ne2 hxg3 20. hxg3 Qc5 21.
Qf3 Qe5 22. Qf4 Rh2 23. Nd4 Rxg3 24. fxe6 Qxf4 25. Rxf4 fxe6 26. Rff1 Rgg2 27.
Rc1 d5 28. exd5 e5 29. Nf3 Rh3 30. Ne1 Rgg3 31. c4 f5 32. c5 e4 33. d6 Bf6 34.
c6 bxc6 35. Rxc6 Bd7 36. Rc7 Rg7 37. Bd5 Rh2 38. Rb7+ Kc8 39. Nf3 Bc6 40. Bxc6
exf3 41. d7+ Kd8 42. Rb8+ Kc7 43. d8=Q+ Bxd8 44. Rb7+ Kxc6 45. Rxg7 f2 46. Kc2
f4 47. Rf7 Ba5 48. Rf6+ Kb7 49. Rxf4 Be1 50. Kd3 Rh3+ 51. Ke2 Rh7 52. R1xf2
Bxf2 53. Rxf2 Ka7 54. Kd3 Rd7+ 55. Kc4 Rc7+ 56. Kb4 Rb7+ 57. Ka4 Rh7 58. b4 Rg7
59. Rf5 Rg2 60. a3 Rg3 1/2-1/2

[Event "OLOA 1920 SG 1871 Löberitz - Nickelhü"]
[Site "?"]
[Date "2019.11.16"]
[Round "2.3"]
[White "Spiess, Gunter"]
[Black "Niegsch, Nicolas"]
[Result "1-0"]
[WhiteElo "2394"]
[BlackElo "2309"]
[PlyCount "65"]
[EventDate "2019.??.??"]

1. c4 Nf6 2. d4 g6 3. Nc3 Bg7 4. e4 d6 5. h3 O-O 6. Be3 e5 7. d5 Na6 8. Nf3 Nc5
9. Nd2 a5 10. a3 Bd7 11. b4 axb4 12. axb4 Rxa1 13. Qxa1 Na6 14. Qa3 Ne8 15. c5
Nb8 16. b5 f5 17. c6 bxc6 18. bxc6 Nxc6 19. dxc6 Bxc6 20. Qa6 Bd7 21. Nf3 Kh8
22. Be2 c6 23. O-O h6 24. Rd1 g5 25. exf5 d5 26. Bb6 Qe7 27. g4 Nf6 28. Qa7 Re8
29. Bc5 Qf7 30. Bd6 d4 31. Nxe5 Rxe5 32. Bxe5 dxc3 33. Bxc3 1-0

[Event "OLOA 1920 SG 1871 Löberitz - Nickelhü"]
[Site "?"]
[Date "2019.11.16"]
[Round "2.4"]
[White "Reizniece-Ozola, Dana"]
[Black "Langrock, Hannes"]
[Result "0-1"]
[WhiteElo "2305"]
[BlackElo "2350"]
[PlyCount "48"]
[EventDate "2019.??.??"]

1. c4 f5 2. Nc3 Nf6 3. g3 g6 4. Bg2 Bg7 5. d3 d6 6. e4 Nc6 7. Nge2 O-O 8. h4
fxe4 9. dxe4 Ne5 10. Nf4 c6 11. h5 Nxh5 12. Nxh5 Bg4 13. Nxg7 Bxd1 14. Ne6 Nd3+
15. Kxd1 Qb6 16. Nf4 Nxf2+ 17. Ke2 Nxh1 18. Bxh1 Qg1 19. Bg2 e5 20. Kf3 exf4
21. gxf4 Rxf4+ 22. Bxf4 Qxa1 23. Bxd6 Qxb2 24. Ne2 Qf6+ 0-1

[Event "OLOA 1920 SG 1871 Löberitz - Nickelhü"]
[Site "?"]
[Date "2019.11.16"]
[Round "2.6"]
[White "Boehm, Christian"]
[Black "Jurasek, Miroslav"]
[Result "0-1"]
[WhiteElo "2097"]
[BlackElo "2219"]
[PlyCount "94"]
[EventDate "2019.??.??"]

1. Nf3 d5 2. g3 Nf6 3. Bg2 Bg4 4. c4 c6 5. d4 Bxf3 6. Bxf3 dxc4 7. Na3 e5 8.
dxe5 Bb4+ 9. Bd2 Bxa3 10. bxa3 Nd5 11. Qc2 Nd7 12. Qxc4 Nxe5 13. Qe4 Qe7 14.
Bg2 O-O 15. f4 Ng6 16. Qxe7 Ngxe7 17. e4 Nb6 18. Rb1 Rfe8 19. Kf2 f5 20. exf5
Nxf5 21. Rhe1 Rxe1 22. Rxe1 Kf7 23. Re5 g6 24. Bf1 Rd8 25. Bb4 Rd4 26. Kf3 Nd5
27. Bc5 Ra4 28. Bd3 Nd4+ 29. Kf2 Ne6 30. Bd6 Rd4 31. f5 Rxd3 32. fxe6+ Ke8 33.
Ke2 Nf4+ 34. gxf4 Rxd6 35. f5 gxf5 36. Rxf5 Rxe6+ 37. Kd3 Rh6 38. Re5+ Kd7 39.
Re2 Rh3+ 40. Kc4 Rxa3 41. Rg2 Kc7 42. Rg7+ Kb6 43. Rxh7 Rxa2 44. h4 a5 45. h5
Rh2 46. Kb3 Rh3+ 47. Kb2 c5 0-1

[Event "OLOA 1920 SG 1871 Löberitz - Nickelhü"]
[Site "?"]
[Date "2019.11.16"]
[Round "2.7"]
[White "Heinz, Thomas"]
[Black "Proehl, Holger"]
[Result "0-1"]
[WhiteElo "2178"]
[BlackElo "2336"]
[PlyCount "66"]
[EventDate "2019.??.??"]

1. e4 b6 2. Nc3 c5 3. g3 Bb7 4. Bg2 Nc6 5. f4 g6 6. Nf3 Bg7 7. O-O d6 8. d3 Nd4
9. Nh4 e6 10. Be3 Ne7 11. Qd2 O-O 12. Nd1 f5 13. c3 Ndc6 14. Nf2 Qd7 15. Rad1
Rae8 16. h3 d5 17. Qe2 Ba6 18. e5 d4 19. Bc1 b5 20. Nf3 Rb8 21. Qc2 Rfc8 22. b3
dxc3 23. Qxc3 Nd5 24. Qxc5 Bf8 25. Qc2 Ncb4 26. Qe2 Nc3 27. Qb2 Nxd1 28. Rxd1
Rc2 29. Qd4 Qc8 30. Qa1 Rxa2 31. Qb1 Bb7 32. Be3 Qc2 33. Qxc2 Nxc2 0-1